| 000 | 01894cam a22002898a 4500 | ||
|---|---|---|---|
| 005 | 20100114111600.0 | ||
| 010 | _aENG-96195 B-428452-453 | ||
| 020 |
_a9788132103165 (hbk.) _c495.00 |
||
| 035 | _aEN-79728 | ||
| 035 | _a B-428452-453 | ||
| 037 | _bDBAD/PUB | ||
| 037 | _bResearchco Book Centre | ||
| 082 | _a954.96 | ||
| 100 |
_aPandey, Nishchal Nath _932571 |
||
| 245 |
_aNew Nepal : _bthe fault lines / _cby Nishchal Nath Pandey |
||
| 260 |
_aNew Delhi _bSAGE Publications _c2010 |
||
| 300 |
_axiv, 164p. _c23 cm (Hb) |
||
| 500 | _aIncludes bibliographical references and index. | ||
| 505 | _aPeople's movement II and its aftermath -- Interim Constitution and repeated amendments -- Maoist triumph -- The fault lines -- Language as a potential source of conflict -- Secularism : onset of religious conflict? -- Security sector governance and future of Nepal Army -- Lack of political culture and legitimacy -- Role of UNMIN -- Rejuvenating the economy -- India and Nepal : partners in progress -- Nepal-China relations : giving an economic thrust. | ||
| 650 |
_aPolitical culture _zNepal. _932572 |
||
| 650 |
_aSocial conflict _zNepal. _932573 |
||
| 942 |
_2ddc _cEN _h954.96 _mPAN |
||
| 999 |
_c36387 _d36387 |
||